000 01245nam a2200217Ia 4500
003 Ost
005 20260507075644.0
008 260507s9999||||xx |||||||||||||| ||und||
020 _a5995100977
040 _cfsecg
041 _aara
082 _a330.9
100 _aابراهيم، نادر محمد
_eمؤلف
245 0 _aتسوية منازعات المنطقة الإقتصادية ذات الطبيعة الخاصة :
_bدراسة تحليلية ونقدية /
_c نادر محمد ابراهيم
260 _aالإسكندرية:
_bدار الفكر الجامعي,
_c2004
300 _a107 صفحة؛
_bإيضاحات ؛
_c24 سم
520 _aالمبادئ العامة لنظام التسوية منازعات المنطقة الإقتصادية، التوفيق في النظام تسوية منازعات المنطقة الإقتصادية، التحكيم في النظام تسوية منازعات المنطقة الإقتصادية، العلاقة بين نظم تسوية منازعات المناطق الإقتصادية والانظمة الأخرى لتسوية المنازعات الإستثمار
653 _aالمنازعات
653 _aالمنازعات الإقتصادية
942 _cكتاب
999 _c45458
_d45458